A treatise of morall philosophy : wherein is contayned the lives and answers, witty sayings, worthy sentences, wise and excellent councels, precepts, proverbs, and parables, of philosophers, orators, emperors, and kings : also of what linage they came, and of what countrey they were ... /

Bibliographic Details
Main Author: Baldwin, William, ca. 1518-1563?
Other Authors: Palfreyman, Thomas, d. 1589?
Format: eBook
Language:English
Published: London : Printed by Richard Bishop, 1651.
Series:Early English books online.
Subjects:
Online Access:Connect to the full text of this electronic book
Connect to the full text of this electronic book

MARC

Tag First Indicator Second Indicator Subfields
LEADER 00000nam a2200000Ia 4500
001 in00004240607
005 20200807092555.0
006 m g d
007 cr bn |||a|bb|
008 850214s1651 enk o 00| | eng d
035 |a (OCoLC)11694912 
040 |d UMI  |d WaOLN 
037 |a CL0037000001  |b ProQuest Information and Learning. 300 N. Zeeb Rd., Ann Arbor, MI 48106 
037 |a CL0037000065  |b ProQuest Information and Learning. 300 N. Zeeb Rd., Ann Arbor, MI 48106 
090 |a BJ1551  |b .B35 1651 
049 |a UMIA 
100 1 |a Baldwin, William,  |d ca. 1518-1563? 
245 1 2 |a A treatise of morall philosophy :  |b wherein is contayned the lives and answers, witty sayings, worthy sentences, wise and excellent councels, precepts, proverbs, and parables, of philosophers, orators, emperors, and kings : also of what linage they came, and of what countrey they were ... /  |c first gathered and set forth by William Bauldwin, and after inlarged by Thomas Palfreyman, Gentleman. 
260 |a London :  |b Printed by Richard Bishop,  |c 1651. 
300 |a 1 online resource (347, [5] pages) 
336 |a text  |b txt  |2 rdacontent 
337 |a computer  |b c  |2 rdamedia 
338 |a online resource  |b cr  |2 rdacarrier 
500 |a First published: 1547. 
500 |a This item appears at reel 10:14 as Wing (2nd edition) B547, and at reel 1734:22 as Wing B548 (number cancelled in Wing 2nd edition). 
500 |a Reproduction of originals in the British Library and the University of Illinois (Urbana-Champaign Campus). Library. 
510 4 |a Wing (2nd edition)  |c B547 
533 |a Electronic reproduction.  |b Ann Arbor, Mich. :  |c UMI,  |d 1999-  |f (Early English books online)  |n Digital version of: (Early English books, 1641-1700 ; 10:14 and 1734:22)  |7 s1999 miun s 
650 0 |a Ethics  |v Early works to 1800. 
700 1 |a Palfreyman, Thomas,  |d d. 1589? 
830 0 |a Early English books online. 
856 4 0 |u http://proxy.library.tamu.edu/login?url=https://search.proquest.com/docview/2264187642  |z Connect to the full text of this electronic book  |t 0 
856 4 0 |u http://proxy.library.tamu.edu/login?url=https://search.proquest.com/docview/2248500460  |z Connect to the full text of this electronic book  |t 0 
999 f f |s 0be68543-9b97-32bd-b683-876c23684d76  |i ea125b5a-37af-387d-b2b9-7fd185d70949  |t 0 
952 f f |a Texas A&M University  |b College Station  |c Electronic Resources  |d Available Online  |t 0  |e BJ1551 .B35 1651  |h Library of Congress classification 
998 f f |a BJ1551 .B35 1651  |t 0  |l Available Online